000 01224cam a2200361 4500
008 090401t1994 xxu||||| |||| 00| 0 eng d
020 _a0117529567
035 _a(Sirsi) u73952
041 _aeng
050 _a306.2
100 _aDavis, Richard
245 3 _aAn assessment of the HAMA initiative.
260 _aLondon
_bHMSO
_c1994
300 _aiv,155p. ; 30cm.
350 _a23
490 _aHousing Research Report
520 _aThe DoE commissioned the London Research Centre to monitor the implementation of the Housing Associations as Managing Agents (HAMA) pilot projects and the Institute of Fiscal Studie to collect information about the financing arrangements. The two reports are presented separately.
650 _aHAMA INITIATIVE
650 _aHOMELESSNESS
650 _aHOUSING ASSOCIATIONS
650 _aMANAGING AGENTS
650 _aPRIVATE LANDLORDS
650 _aPRIVATE SECTOR
650 _aTEMPORARY ACCOMMODATION
690 _aBlock management
_96220
700 _aJarvis, Chris
700 _aWhite, Val
700 _aGiles, Christopher
700 _aWebb, Steven
710 _aUnited Kingdom
_bDepartment of the Environment
_9982
942 _n0
948 _c04/03/1997
999 _c95745
_d95745